| 000 | 01389nam a22004457a 4500 | ||
|---|---|---|---|
| 001 | BR2025005275 | ||
| 003 | BR-BrBNA | ||
| 005 | 20251209154324.0 | ||
| 008 | 251209b bl.||||| |||| 00| 0 por d | ||
| 040 |
_aBR-BrBNA _bpor |
||
| 041 | _apor | ||
| 072 |
_aL01 ; L02 ; Q02 ; C20 ; E10 ; E13 ; E40 ; L70 ; N10 _b5214 |
||
| 090 | _a5214 BR2025005275 | ||
| 100 | 0 | _aAlves, Felippe José (ed.) | |
| 110 | _aMinistério da Agricultura, Rio de Janeiro, GB (Brasil). Escritório de Produção Animal | ||
| 245 |
_aPlano de melhoramento da alimentação e do manejo do gado leiteiro. Projeto estadual de Goiás _bPLAMAM |
||
| 260 |
_aRio de Janeiro, GB (Brasil) _bPolar Livros e Revistas _c1968 |
||
| 300 | _a84 p. | ||
| 500 | _a44 tables | ||
| 650 | _aGADO LEITEIRO | ||
| 650 | _aLEITE | ||
| 650 | _aPRODUTO DERIVADO DO LEITE | ||
| 650 | _aPREÇO | ||
| 650 | _aINDÚSTRIA DE LATICÍNIO | ||
| 650 | _aBENEFICIAMENTO | ||
| 650 | _aCOOPERATIVA DE PRODUTORES | ||
| 650 | _aCONSUMO | ||
| 650 | _aPREÇO PAGO | ||
| 650 | _aPREÇO RECEBIDO | ||
| 650 | _aALIMENTAÇÃO ANIMAL | ||
| 650 | _aMANEJO | ||
| 650 | _aSANIDADE ANIMAL | ||
| 650 | _aHIGIENE VETERINÁRIA | ||
| 650 | _aINSTALAÇÃO PARA ANIMAL | ||
| 650 | _aEQUIPAMENTO PECUÁRIO | ||
| 650 | _aASSISTÊNCIA TÉCNICA | ||
| 650 | _aASSISTÊNCIA FINANCEIRA | ||
| 909 |
_a202512 _bFernando |
||
| 942 | _cBK | ||
| 999 |
_c339399 _d339399 |
||